Etnologia i okolice

Titel: Etnologia i okolice : eseje antyperyferyjne / Janusz Barański
Verfasser:
Veröffentlicht: Kraków : Wydawn. Uniw. Jagiellońskiego, 2010
Umfang: 427 S.
Format: Buch
Sprache: Polnisch
Schriftenreihe/
mehrbändiges Werk:
Anthropos
Schlagworte:
ISBN: 9788323330059
Buchumschlag
X
alg: 29104302
001A    $03019:08-03-12 
001B    $01999:07-07-18 $t11:30:13.000 
001C    $03004:22-03-18 $t12:00:23.000 
001D    $03019:08-03-12 
001U    $0utf8 
001X    $00 
002@    $0Aau 
003@    $029104302X 
003O    $0750846737 $aOCoLC 
004A    $A978-83-233-3005-9 
007A    $029104302X $aHEB 
007G    $0DE0203FE05306FE9BE0F9C12582C20036B932 
009P    $qapplication/pdf $A2 $3Inhaltsverzeichnis $uhttp://scans.hebis.de/HEBCGI/show.pl?29104302_toc.pdf $mV:DE-603;B:DE-Mb50 
010@    $apol 
011@    $a2010 
013H    $0z 
021A    $aEtnologia i okolice $deseje antyperyferyjne $hJanusz Barański 
028A    $7 $8Barański, Janusz [Tnx] $917088709X 
033A    $pKraków $nWydawn. Uniw. Jagiellońskiego 
034D    $a427 S. 
036G    $aAnthropos 
044K    $RKulturwissenschaften $RSozialwissenschaften $RVolkskunde $RKulturanthropologie $#Ethnology $#Ethnologie $#Antropología cultural y social $#Ethnologie $#Ethnographie $#Ethnologie $#Völkerkunde $#Ethnografie $#Ethnographie $74078931-7 $8Ethnologie [Ts1] $9085224022 
044K    $RMensch $RMenschenbild $RAnthropologe $#Anthropology $#Anthropologie $#Antropologia $#Anthropologie $#Anthropologie $#Menschenkunde $74002230-4 $8Anthropologie [Ts1] $9084997079 
044K    $RRitus $#Rites and ceremonies $#Rites et cérémonies $#Ritual $#Ritus Soziologie $#Rituale $74050164-4 $8Ritual [Ts1] $9085140066 
046M    $aLiteraturverz. S. [389] - 408 

lok: 29104302 24

exp: 29104302 24 1 #EPN
201B/01 $005-07-18 $t09:18:03.000 
201C/01 $019-12-17 
201U/01 $0utf8 
203@/01 $01013060385 
208@/01 $a19-12-17 $bz 
209A/01 $a18.04571 $du $f050 $h18 04571 $x00 
209C/01 $a18.04571 T $h18 04571 T 
209G/01 $a73829062 $x00 
220C/01 $ajwa 
247C/01 $8358050-7 Marburg, Bibliothek des Herder-Instituts Marburg $9102600961 

lok: 29104302 66

exp: 29104302 66 1 #EPN
201B/01 $008-03-12 $t12:51:22.000 
201C/01 $008-03-12 
201U/01 $0utf8 
203@/01 $063922346X 
208@/01 $a08-03-12 $bz 
209A/01 $aVk Etno/B $du $f000 $x00 
209C/01 $a11/k1197 
247C/01 $8618123-5 Darmstadt, Bibliothek des Deutschen Polen-Instituts $9102600902
LEADER 00000cam a2200000 c 4500
001 29104302X
003 DE-603
005 20180707113013.0
007 tu
008 120308s2010 xx |||| | u00||u|pol c
020 |a 9788323330059 
035 |a (DE-599)HEB29104302X 
035 |a (OCoLC)750846737 
040 |a DE-603  |b ger  |c DE-603  |d DE-603 
041 |a pol 
100 1 |a Barański, Janusz  |0 (DE-603)17088709X 
245 0 0 |a Etnologia i okolice  |b eseje antyperyferyjne  |c Janusz Barański 
264 1 |a Kraków  |b Wydawn. Uniw. Jagiellońskiego  |c 2010 
300 |a 427 S. 
490 0 |a Anthropos 
504 |a Literaturverz. S. [389] - 408 
650 7 |a Ethnologie  |0 (DE-588)4078931-7  |0 (DE-603)085224022  |2 gnd 
650 7 |a Anthropologie  |0 (DE-588)4002230-4  |0 (DE-603)084997079  |2 gnd 
650 7 |a Ritual  |0 (DE-588)4050164-4  |0 (DE-603)085140066  |2 gnd 
856 4 2 |m V:DE-603;B:DE-Mb50  |q application/pdf  |u http://scans.hebis.de/HEBCGI/show.pl?29104302_toc.pdf  |3 Inhaltsverzeichnis 
924 0 |9 Mb 50  |a (DE-603)1013060385  |b DE-Mb50  |c HES  |d c  |g 18.04571 
924 0 |9 Ds 123  |a (DE-603)63922346X  |b DE-Ds123  |c HES  |d d  |g Vk Etno/B